Statistics for 2024 UEFA Champions League Teams

Click here to take the quiz!

General Stats

  • This quiz has been taken 15,088 times
    (9,286 since last reset)
  • The average score is 27 of 32

Answer Stats

TeamsPotGroup% Correct
Bayern Munich1A
99%
Barcelona1H
97%
Manchester City1G
97%
Manchester United2A
97%
Paris Saint-Germain1F
97%
Real Madrid2C
97%
Milan3F
96%
Inter Milan2D
95%
Borussia Dortmund2F
94%
Arsenal2B
93%
Porto2H
93%
Atlético Madrid2E
91%
Benfica1D
89%
Galatasaray4A
89%
Napoli1C
89%
Newcastle United4F
88%
Celtic4E
87%
PSV Eindhoven3B
87%
Sevilla1B
84%
RB Leipzig2G
82%
Copenhagen3A
80%
Lazio3E
76%
Feyenoord1E
74%
Red Bull Salzburg3D
71%
Young Boys4G
71%
Crvena zvezda3G
70%
Union Berlin4C
70%
Braga3C
68%
Real Sociedad4D
68%
Lens4B
67%
Shakhtar Donetsk3H
66%
Royal Antwerp4H
61%

Score Distribution

Percentile by Number Answered

Percent of People with Each Score

Your Score History

You have not taken this quiz since the last reset